Holiday Quiz

Random Holiday or Grab Bag Quiz
Score 0/75 Timer 10:00
0 Plays Today
Hint Answer % Correct
Geography: Countries of the WorldAustralia
94.7%
Entertainment: Board GamesMonopoly
93.5%
History: U.S. PresidentsRoosevelt
89.9%
Language: Official Languages of the U.N.French
89%
Language: Official Languages of the U.N.Spanish
88.7%
Just For Fun: The Seven DwarfsHappy
88.6%
Language: Official Languages of the U.N.Arabic
88.4%
Literature: Shakespeare PlaysMacbeth
88.2%
Just For Fun: The Seven DwarfsDopey
88%
Entertainment: Board GamesMouse Trap
88%
Science: ElementsCarbon
88%
Just For Fun: The Seven DwarfsSleepy
87.8%
Just For Fun: The Seven DwarfsBashful
87.4%
Science: ElementsOxygen
87.4%
Just For Fun: The Seven DwarfsSneezy
86.7%
Language: Official Languages of the U.N.English
86%
Music: Michael Jackson SongsScream
84.8%
Holiday: Thanksgiving DishesCranberry Sauce
84.3%
Entertainment: Board GamesBattleship
82.3%
Entertainment: Board GamesCandy Land
81.4%
Literature: Shakespeare PlaysThe Tempest
81.4%
Science: ElementsArgon
81.3%
Geography: Countries of the WorldHaiti
81.3%
Literature: Shakespeare PlaysKing Lear
80.7%
Miscellaneous: Sporcle CategoriesGaming
80.6%
Geography: Countries of the WorldRomania
80.1%
History: U.S. PresidentsCoolidge
80%
Music: Michael Jackson SongsBillie Jean
79.9%
History: U.S. PresidentsTaylor
79.5%
Music: Michael Jackson SongsBlack or White
79.3%
Geography: Countries of the WorldColombia
78%
Miscellaneous: Sporcle CategoriesHistory
78%
Movies: Best Picture WinnersRebecca
77.4%
Movies: Best Picture WinnersCasablanca
77%
Science: ElementsLithium
76.5%
Miscellaneous: Sporcle CategoriesReligion
76.3%
Religion: Books of the BibleMatthew
75.9%
Science: ElementsIodine
74.3%
Hint Answer % Correct
Religion: Books of the BibleRevelation
73.6%
Language: Official Languages of the U.N.Chinese
72.3%
Holiday: Thanksgiving DishesPecan Pie
72.2%
Sports: Big 4 TeamsCowboys
71.3%
History: U.S. PresidentsCleveland
70.4%
Literature: Shakespeare PlaysHamlet
69.2%
Music: Michael Jackson SongsThriller
68%
Gaming: Super Smash Bros. FightersYoshi
67.2%
Movies: Best Picture WinnersAll About Eve
67%
Sports: Big 4 TeamsWarriors
66.6%
Movies: Best Picture WinnersGandhi
65.7%
Holiday: Thanksgiving DishesGreen Beans
59.5%
Sports: Big 4 TeamsMaple Leafs
59%
Television: Breaking Bad CharactersJesse Pinkman
58.7%
Gaming: Super Smash Bros. FightersSonic
58%
Religion: Books of the BibleRomans
57.7%
Gaming: Super Smash Bros. FightersBowser
56.2%
Geography: Countries of the WorldMalawi
56.1%
Sports: Big 4 TeamsRoyals
55.8%
Holiday: Thanksgiving DishesCorn
54.9%
Entertainment: Board GamesOperation
54.8%
Miscellaneous: Sporcle CategoriesLanguage
54%
Movies: Best Picture WinnersPatton
53.6%
Religion: Books of the BibleEsther
52.9%
Literature: Shakespeare PlaysOthello
52.5%
Television: Breaking Bad CharactersSteven Gomez
51.5%
Gaming: Super Smash Bros. FightersMega Man
47.5%
History: U.S. PresidentsLincoln
45.1%
Music: Michael Jackson SongsBen
44.3%
Miscellaneous: Sporcle CategoriesHoliday
43.9%
Television: Breaking Bad CharactersWalter White
42.4%
Holiday: Thanksgiving DishesRolls
37.2%
Gaming: Super Smash Bros. FightersLink
36.6%
Sports: Big 4 TeamsSeahawks
36.1%
Television: Breaking Bad CharactersSaul Goodman
31.7%
Religion: Books of the BibleDaniel
27.2%
Television: Breaking Bad CharactersHank Schrader
25%
Remove Ads.
Support Sporcle.
Get the best of Sporcle when you Go Orange. This ad-free experience offers more features, more stats, and more fun while also helping to support Sporcle. Thank you for becoming a member.

You're not logged in!

Compare scores with friends on all Sporcle quizzes.
OR
Log In

Show Comments

Extras

Top Quizzes Today


Score Distribution

Your Account Isn't Verified!

In order to create a playlist on Sporcle, you need to verify the email address you used during registration. Go to your Sporcle Settings to finish the process.

Report this User

Report this user for behavior that violates our Community Guidelines.

Details: